[Event "Irena Warakomska Memorial A"]
[Site "Suwalki"]
[Date "2021.08.02"]
[Round "8"]
[White "Nasuta, Grzegorz"]
[Black "Nowak, Mikolaj"]
[Result "1-0"]
[Board "3"]
[WhiteElo "2518"]
[WhiteTitle "GM"]
[WhiteCountry "POL"]
[WhiteFideId "1141686"]
[WhiteEloChange "2"]
[BlackElo "2310"]
[BlackCountry "POL"]
[BlackFideId "1191365"]
[BlackEloChange "-5"]

1. e4 {[%clk 1:30:57]} e6 {[%clk 1:30:52]} 2. d4 {[%clk 1:30:03]} c5 {[%clk
1:31:15]} 3. c3 {[%clk 1:26:08]} cxd4 {[%clk 1:31:38]} 4. cxd4 {[%clk 1:26:33]}
d5 {[%clk 1:32:03]} 5. e5 {[%clk 1:26:08]} Nc6 {[%clk 1:32:14]} 6. Nf3 {[%clk
1:26:32]} Nge7 {[%clk 1:32:38]} 7. Nc3 {[%clk 1:11:20]} Nf5 {[%clk 1:30:00]} 8.
a3 {[%clk 1:08:09]} Be7 {[%clk 1:28:28]} 9. Be2 {[%clk 1:07:03]} O-O {[%clk
1:25:12]} 10. O-O {[%clk 1:05:59]} Bd7 {[%clk 1:23:11]} 11. b4 {[%clk 0:46:38]}
Rc8 {[%clk 1:21:11]} 12. Bb2 {[%clk 0:45:17]} f6 {[%clk 1:17:38]} 13. Bd3 {[%clk
0:39:16]} fxe5 {[%clk 1:13:18]} 14. dxe5 {[%clk 0:39:24]} Be8 {[%clk 1:11:50]}
15. Ne2 {[%clk 0:34:24]} a6 {[%clk 1:05:15]} 16. Bxf5 {[%clk 0:28:59]} Rxf5
{[%clk 0:57:06]} 17. Nfd4 {[%clk 0:29:01]} Nxd4 {[%clk 0:55:24]} 18. Nxd4 {[%clk
0:29:18]} Rf7 {[%clk 0:52:21]} 19. Nxe6 {[%clk 0:27:21]} Qb6 {[%clk 0:51:33]} 20.
Nd4 {[%clk 0:20:51]} a5 {[%clk 0:51:21]} 21. Qg4 {[%clk 0:02:16]} Rc4 {[%clk
0:49:50]} 22. Rac1 {[%clk 0:02:39]} axb4 {[%clk 0:40:41]} 23. e6 {[%clk 0:02:09]}
Rf8 {[%clk 0:16:58]} 24. Rxc4 {[%clk 0:02:33]} h5 {[%clk 0:17:07]} 25. Qg3 {[%clk
0:02:24]} h4 {[%clk 0:17:15]} 26. Qc7 {[%clk 0:01:56]} 1-0

[Event "Irena Warakomska Memorial A"]
[Site "Suwalki"]
[Date "2021.08.02"]
[Round "8"]
[White "Szadkowski, Kamil"]
[Black "Socko, Bartosz"]
[Result "0-1"]
[Board "4"]
[WhiteElo "2282"]
[WhiteTitle "FM"]
[WhiteCountry "POL"]
[WhiteFideId "1123203"]
[WhiteEloChange "-3"]
[BlackElo "2619"]
[BlackTitle "GM"]
[BlackCountry "POL"]
[BlackFideId "1107038"]
[BlackEloChange "1"]

1. e4 {[%clk 1:30:51]} c5 {[%clk 1:30:54]} 2. Nf3 {[%clk 1:31:17]} e6 {[%clk
1:31:17]} 3. d4 {[%clk 1:31:38]} cxd4 {[%clk 1:31:43]} 4. Nxd4 {[%clk 1:32:04]}
Nc6 {[%clk 1:32:07]} 5. Nc3 {[%clk 1:31:57]} a6 {[%clk 1:32:29]} 6. Be2 {[%clk
1:27:11]} Qc7 {[%clk 1:32:03]} 7. O-O {[%clk 1:27:05]} Nf6 {[%clk 1:32:03]} 8.
Be3 {[%clk 1:27:00]} Be7 {[%clk 1:26:41]} 9. f4 {[%clk 1:24:53]} d6 {[%clk
1:27:05]} 10. Bf3 {[%clk 1:25:00]} O-O {[%clk 1:27:14]} 11. Kh1 {[%clk 1:25:09]}
Bd7 {[%clk 1:26:07]} 12. Qe1 {[%clk 1:19:46]} Na5 {[%clk 1:22:45]} 13. g4 {[%clk
1:10:07]} Nc4 {[%clk 1:14:04]} 14. g5 {[%clk 1:07:16]} Ne8 {[%clk 1:14:28]} 15.
f5 {[%clk 1:02:03]} Nxe3 {[%clk 1:11:16]} 16. Qxe3 {[%clk 1:01:44]} Qc5 {[%clk
1:11:14]} 17. Rg1 {[%clk 0:42:02]} Bd8 {[%clk 0:51:47]} 18. Qd3 {[%clk 0:30:44]}
Bb6 {[%clk 0:49:57]} 19. Nb3 {[%clk 0:29:41]} Qe5 {[%clk 0:49:59]} 20. Rg3 {[%clk
0:29:54]} Rd8 {[%clk 0:45:07]} 21. Nd2 {[%clk 0:25:35]} Bb5 {[%clk 0:43:41]} 22.
Nxb5 {[%clk 0:25:34]} axb5 {[%clk 0:44:05]} 23. c3 {[%clk 0:23:46]} Nc7 {[%clk
0:42:08]} 24. f6 {[%clk 0:21:08]} gxf6 {[%clk 0:37:19]} 25. Bg2 {[%clk 0:20:44]}
Kh8 {[%clk 0:31:29]} 26. Rf1 {[%clk 0:17:47]} Rg8 {[%clk 0:26:35]} 27. Rxf6
{[%clk 0:08:51]} Rg7 {[%clk 0:27:00]} 28. Rf1 {[%clk 0:08:53]} Rdg8 {[%clk
0:19:34]} 29. Nf3 {[%clk 0:08:21]} Qc5 {[%clk 0:20:00]} 30. b4 {[%clk 0:07:50]}
Qc6 {[%clk 0:20:25]} 31. e5 {[%clk 0:07:57]} Nd5 {[%clk 0:19:19]} 32. Nd4 {[%clk
0:07:45]} Qxc3 {[%clk 0:17:51]} 33. Nxb5 {[%clk 0:04:09]} Qxd3 {[%clk 0:10:12]}
34. Rxd3 {[%clk 0:04:34]} Ne3 {[%clk 0:09:45]} 35. Rf3 {[%clk 0:02:10]} Nxg2
{[%clk 0:05:44]} 36. Kxg2 {[%clk 0:02:36]} dxe5 {[%clk 0:05:42]} 37. Nd6 {[%clk
0:02:39]} f5 {[%clk 0:06:06]} 38. Rg3 {[%clk 0:02:26]} e4 {[%clk 0:06:24]} 39.
Rd2 {[%clk 0:02:31]} Bc7 {[%clk 0:05:32]} 0-1

[Event "Irena Warakomska Memorial A"]
[Site "Suwalki"]
[Date "2021.08.02"]
[Round "8"]
[White "Tomczak, Jacek"]
[Black "Zakrzewski, Marek"]
[Result "1-0"]
[Board "5"]
[WhiteElo "2603"]
[WhiteTitle "GM"]
[WhiteCountry "POL"]
[WhiteFideId "1124668"]
[WhiteEloChange "1"]
[BlackElo "2295"]
[BlackTitle "FM"]
[BlackCountry "POL"]
[BlackFideId "1170694"]
[BlackEloChange "-3"]

1. e4 {[%clk 1:30:27]} e5 {[%clk 1:30:51]} 2. Nf3 {[%clk 1:30:05]} Nc6 {[%clk
1:31:13]} 3. Bb5 {[%clk 1:30:10]} a6 {[%clk 1:31:36]} 4. Ba4 {[%clk 1:30:33]} Nf6
{[%clk 1:31:57]} 5. Bxc6 {[%clk 1:28:05]} dxc6 {[%clk 1:32:18]} 6. d3 {[%clk
1:28:29]} Bd6 {[%clk 1:32:39]} 7. Nbd2 {[%clk 1:27:48]} Be6 {[%clk 1:32:53]} 8.
Qe2 {[%clk 1:18:19]} Nd7 {[%clk 1:25:42]} 9. Nb3 {[%clk 1:13:30]} f6 {[%clk
1:21:40]} 10. Be3 {[%clk 1:01:12]} c5 {[%clk 1:10:48]} 11. O-O {[%clk 0:57:22]}
a5 {[%clk 1:04:36]} 12. c3 {[%clk 0:47:11]} O-O {[%clk 1:00:59]} 13. Nbd2 {[%clk
0:40:12]} a4 {[%clk 0:58:53]} 14. Nh4 {[%clk 0:29:20]} Rf7 {[%clk 0:55:21]} 15.
Nf5 {[%clk 0:26:57]} Nb6 {[%clk 0:51:39]} 16. c4 {[%clk 0:15:57]} Bf8 {[%clk
0:49:38]} 17. Rad1 {[%clk 0:14:59]} Nd7 {[%clk 0:40:03]} 18. Nb1 {[%clk 0:08:29]}
Nb8 {[%clk 0:39:36]} 19. Qg4 {[%clk 0:07:57]} Bxf5 {[%clk 0:25:42]} 20. exf5
{[%clk 0:08:24]} Rd7 {[%clk 0:25:36]} 21. Nc3 {[%clk 0:08:15]} Nc6 {[%clk
0:24:43]} 22. Qe4 {[%clk 0:06:09]} a3 {[%clk 0:22:56]} 23. b3 {[%clk 0:06:35]}
Nb4 {[%clk 0:23:06]} 24. Rd2 {[%clk 0:03:53]} c6 {[%clk 0:11:08]} 25. Rfd1 {[%clk
0:03:48]} b6 {[%clk 0:10:25]} 26. Qg4 {[%clk 0:01:57]} Qe7 {[%clk 0:09:21]} 27.
Ne4 {[%clk 0:01:55]} Rad8 {[%clk 0:09:27]} 28. Qe2 {[%clk 0:02:18]} Qf7 {[%clk
0:07:48]} 29. g4 {[%clk 0:02:31]} Be7 {[%clk 0:07:04]} 30. Kh1 {[%clk 0:02:42]}
Kh8 {[%clk 0:07:29]} 31. Nc3 {[%clk 0:02:09]} Bf8 {[%clk 0:05:37]} 32. Na4 {[%clk
0:01:40]} Rb8 {[%clk 0:06:02]} 33. Qf3 {[%clk 0:01:42]} Qe7 {[%clk 0:05:51]} 34.
h4 {[%clk 0:01:16]} Qd8 {[%clk 0:05:37]} 35. Qe2 {[%clk 0:01:20]} Qc7 {[%clk
0:05:49]} 36. Nc3 {[%clk 0:01:34]} Qd8 {[%clk 0:04:10]} 37. Kg2 {[%clk 0:01:31]}
Qe8 {[%clk 0:03:41]} 38. Qf3 {[%clk 0:00:39]} Rbd8 {[%clk 0:04:05]} 39. Qe2
{[%clk 0:00:42]} Qf7 {[%clk 0:03:58]} 40. Ne4 {[%clk 0:30:41]} Be7 {[%clk
0:33:28]} 41. Ng3 {[%clk 0:28:06]} h6 {[%clk 0:28:21]} 42. Kf1 {[%clk 0:27:03]}
Kg8 {[%clk 0:28:25]} 43. Kg2 {[%clk 0:25:25]} Rd6 {[%clk 0:27:31]} 44. Qf1 {[%clk
0:24:17]} Kf8 {[%clk 0:26:13]} 45. f3 {[%clk 0:23:06]} Ke8 {[%clk 0:25:04]} 46.
Kf2 {[%clk 0:19:18]} R6d7 {[%clk 0:25:06]} 47. Ke2 {[%clk 0:19:28]} Rc8 {[%clk
0:23:40]} 48. Ne4 {[%clk 0:17:49]} Kd8 {[%clk 0:21:33]} 49. f4 {[%clk 0:11:17]}
Kc7 {[%clk 0:17:41]} 50. fxe5 {[%clk 0:11:41]} fxe5 {[%clk 0:18:05]} 51. Qh3
{[%clk 0:11:37]} Re8 {[%clk 0:16:31]} 52. Rf1 {[%clk 0:11:30]} Red8 {[%clk
0:15:25]} 53. Rfd1 {[%clk 0:11:13]} Re8 {[%clk 0:15:49]} 54. Bg1 {[%clk 0:10:51]}
Kb7 {[%clk 0:13:06]} 55. Rf1 {[%clk 0:10:57]} Bd8 {[%clk 0:10:45]} 56. Be3 {[%clk
0:10:31]} Be7 {[%clk 0:10:09]} 57. Rf3 {[%clk 0:10:44]} Red8 {[%clk 0:09:07]} 58.
Bf2 {[%clk 0:09:31]} Bd6 {[%clk 0:08:37]} 59. Qh1 {[%clk 0:08:39]} Bc7 {[%clk
0:07:56]} 60. Qh3 {[%clk 0:07:34]} Bd6 {[%clk 0:07:44]} 61. g5 {[%clk 0:07:35]}
hxg5 {[%clk 0:07:24]} 62. hxg5 {[%clk 0:07:52]} Qf8 {[%clk 0:06:44]} 63. Qh5
{[%clk 0:06:29]} Bc7 {[%clk 0:06:19]} 64. f6 {[%clk 0:06:18]} gxf6 {[%clk
0:06:32]} 65. gxf6 {[%clk 0:06:20]} Qh8 {[%clk 0:05:47]} 66. Qf5 {[%clk 0:05:20]}
Rh7 {[%clk 0:04:13]} 67. Ng5 {[%clk 0:03:22]} Rh5 {[%clk 0:03:47]} 68. Be3 {[%clk
0:02:17]} e4 {[%clk 0:01:35]} 69. dxe4 {[%clk 0:02:11]} Rh2+ {[%clk 0:01:54]} 70.
Rf2 {[%clk 0:02:29]} Qh5+ {[%clk 0:01:36]} 71. Nf3 {[%clk 0:01:05]} Rxf2+ {[%clk
0:01:03]} 72. Bxf2 {[%clk 0:00:37]} Rxd2+ {[%clk 0:01:00]} 73. Kxd2 {[%clk
0:01:05]} Qe8 {[%clk 0:00:37]} 74. f7 {[%clk 0:01:19]} Qd8+ {[%clk 0:01:06]} 75.
Nd4 {[%clk 0:01:24]} Bd6 {[%clk 0:01:12]} 76. Ne6 {[%clk 0:00:32]} Bf4+ {[%clk
0:01:34]} 77. Ke1 {[%clk 0:01:00]} Qd2+ {[%clk 0:01:09]} 78. Kf1 {[%clk 0:01:27]}
Nd3 {[%clk 0:01:27]} 79. Nxc5+ {[%clk 0:00:59]} bxc5 {[%clk 0:01:42]} 80. Qd7+
{[%clk 0:01:28]} Bc7 {[%clk 0:00:34]} 81. f8=Q {[%clk 0:01:53]} Qc1+ {[%clk
0:00:42]} 82. Kg2 {[%clk 0:01:36]} Qg5+ {[%clk 0:00:33]} 83. Kf1 {[%clk 0:01:39]}
Qc1+ {[%clk 0:01:01]} 84. Ke2 {[%clk 0:01:54]} Qc2+ {[%clk 0:00:33]} 85. Ke3
{[%clk 0:01:50]} Qc1+ {[%clk 0:00:56]} 86. Kxd3 {[%clk 0:01:45]} Qd1+ {[%clk
0:01:25]} 87. Ke3 {[%clk 0:02:11]} Qxd7 {[%clk 0:01:48]} 88. Ke2 {[%clk 0:02:27]}
Qg4+ {[%clk 0:01:31]} 89. Qf3 {[%clk 0:02:16]} Qg7 {[%clk 0:01:59]} 90. Qe3
{[%clk 0:00:57]} Qg4+ {[%clk 0:02:14]} 91. Ke1 {[%clk 0:00:44]} Ba5+ {[%clk
0:02:28]} 92. Kf1 {[%clk 0:01:13]} Qd1+ {[%clk 0:02:25]} 93. Kg2 {[%clk 0:01:41]}
Qg4+ {[%clk 0:02:42]} 94. Bg3 {[%clk 0:01:59]} Bc7 {[%clk 0:01:43]} 95. e5 {[%clk
0:02:22]} Qg6 {[%clk 0:02:09]} 96. Qe2 {[%clk 0:02:28]} Kc8 {[%clk 0:01:35]} 97.
Kh3 {[%clk 0:02:27]} Kd7 {[%clk 0:01:06]} 98. e6+ {[%clk 0:02:29]} Kc8 {[%clk
0:01:35]} 99. Bxc7 {[%clk 0:02:51]} Kxc7 {[%clk 0:02:03]} 100. Qe5+ {[%clk
0:02:44]} Kc8 {[%clk 0:02:08]} 101. Kh4 {[%clk 0:02:12]} Qh6+ {[%clk 0:02:09]}
102. Kg4 {[%clk 0:02:39]} Qg6+ {[%clk 0:02:35]} 103. Kf3 {[%clk 0:02:29]} Qd3+
{[%clk 0:02:37]} 104. Kf4 {[%clk 0:02:19]} Qd2+ {[%clk 0:00:42]} 105. Kf5 {[%clk
0:02:29]} Qf2+ {[%clk 0:00:44]} 106. Kg6 {[%clk 0:02:25]} Qxa2 {[%clk 0:00:43]}
107. e7 {[%clk 0:02:20]} Qg2+ {[%clk 0:01:04]} 108. Kf7 {[%clk 0:02:24]} Qf3+
{[%clk 0:01:11]} 109. Qf6 {[%clk 0:02:20]} Qh5+ {[%clk 0:01:20]} 110. Qg6 {[%clk
0:02:31]} Qf3+ {[%clk 0:01:01]} 111. Kg8 {[%clk 0:02:45]} a2 {[%clk 0:01:10]}
112. e8=Q+ {[%clk 0:03:07]} Kb7 {[%clk 0:01:32]} 113. Qg7+ {[%clk 0:03:26]} Kb6
{[%clk 0:01:58]} 114. Qb8+ {[%clk 0:03:49]} Ka6 {[%clk 0:02:25]} 115. Qga7#
{[%clk 0:04:13]} 1-0

[Event "Irena Warakomska Memorial A"]
[Site "Suwalki"]
[Date "2021.08.02"]
[Round "8"]
[White "Rozentalis, Eduardas"]
[Black "Goluch, Piotr"]
[Result "1-0"]
[Board "6"]
[WhiteElo "2520"]
[WhiteTitle "GM"]
[WhiteCountry "LTU"]
[WhiteFideId "12800023"]
[WhiteEloChange "3"]
[BlackElo "2333"]
[BlackTitle "IM"]
[BlackCountry "POL"]
[BlackFideId "1137840"]
[BlackEloChange "-5"]

1. e4 {[%clk 1:30:57]} c6 {[%clk 1:30:55]} 2. d3 {[%clk 1:31:03]} d5 {[%clk
1:31:20]} 3. Nd2 {[%clk 1:31:27]} Qb6 {[%clk 1:25:34]} 4. g3 {[%clk 1:28:33]} Nf6
{[%clk 1:24:19]} 5. Bg2 {[%clk 1:28:15]} Bg4 {[%clk 1:24:36]} 6. Ngf3 {[%clk
1:27:51]} e6 {[%clk 1:23:23]} 7. Qe2 {[%clk 1:24:15]} Be7 {[%clk 1:23:32]} 8. O-O
{[%clk 1:23:44]} O-O {[%clk 1:23:56]} 9. h3 {[%clk 1:23:58]} Bxf3 {[%clk
1:22:53]} 10. Nxf3 {[%clk 1:22:43]} a5 {[%clk 1:22:17]} 11. e5 {[%clk 1:14:17]}
Nfd7 {[%clk 1:22:40]} 12. h4 {[%clk 1:14:12]} c5 {[%clk 1:20:42]} 13. c4 {[%clk
1:10:16]} dxc4 {[%clk 1:20:54]} 14. dxc4 {[%clk 1:10:36]} Nc6 {[%clk 1:21:20]}
15. Qe4 {[%clk 1:07:35]} Rfd8 {[%clk 1:16:48]} 16. h5 {[%clk 1:01:30]} h6 {[%clk
1:16:58]} 17. Re1 {[%clk 0:53:21]} Nf8 {[%clk 0:56:56]} 18. Bd2 {[%clk 0:43:33]}
Rd7 {[%clk 0:52:02]} 19. Bc3 {[%clk 0:38:45]} Rad8 {[%clk 0:51:54]} 20. Bf1
{[%clk 0:37:43]} Nh7 {[%clk 0:46:47]} 21. Be2 {[%clk 0:33:56]} Nb4 {[%clk
0:40:35]} 22. a3 {[%clk 0:31:17]} Nc6 {[%clk 0:19:13]} 23. Rad1 {[%clk 0:30:15]}
Nd4 {[%clk 0:16:30]} 24. Bxd4 {[%clk 0:30:07]} cxd4 {[%clk 0:16:57]} 25. Bd3
{[%clk 0:30:29]} Nf8 {[%clk 0:17:12]} 26. Rd2 {[%clk 0:27:57]} Qc6 {[%clk
0:15:50]} 27. Red1 {[%clk 0:23:52]} f5 {[%clk 0:10:38]} 28. exf6 {[%clk 0:22:36]}
Qxe4 {[%clk 0:10:24]} 29. Bxe4 {[%clk 0:19:56]} Bxf6 {[%clk 0:10:33]} 30. b4
{[%clk 0:17:56]} axb4 {[%clk 0:08:28]} 31. axb4 {[%clk 0:18:18]} Ra8 {[%clk
0:07:15]} 32. c5 {[%clk 0:17:19]} Rad8 {[%clk 0:04:49]} 33. Ra1 {[%clk 0:09:44]}
Kf7 {[%clk 0:03:11]} 34. Ra7 {[%clk 0:09:25]} Rb8 {[%clk 0:03:38]} 35. Kf1 {[%clk
0:08:08]} e5 {[%clk 0:02:16]} 36. Ke2 {[%clk 0:07:50]} Ne6 {[%clk 0:01:46]} 37.
c6 {[%clk 0:07:25]} Re7 {[%clk 0:01:08]} 38. Rxb7 {[%clk 0:07:08]} Ra8 {[%clk
0:00:35]} 39. Rc2 {[%clk 0:04:10]} Ke8 {[%clk 0:00:44]} 40. b5 {[%clk 0:33:45]}
Rc8 {[%clk 0:30:41]} 41. b6 {[%clk 0:31:53]} d3+ {[%clk 0:26:33]} 42. Bxd3 {[%clk
0:30:43]} e4 {[%clk 0:26:07]} 43. Rxe7+ {[%clk 0:30:14]} Bxe7 {[%clk 0:26:33]}
44. Bxe4 {[%clk 0:30:37]} Nc5 {[%clk 0:27:00]} 45. Bg6+ {[%clk 0:30:24]} 1-0

[Event "Irena Warakomska Memorial A"]
[Site "Suwalki"]
[Date "2021.08.02"]
[Round "8"]
[White "Lukasiewicz, Krzysztof"]
[Black "Jakubowski, Krzysztof"]
[Result "1/2-1/2"]
[Board "7"]
[WhiteElo "2359"]
[WhiteTitle "FM"]
[WhiteCountry "POL"]
[WhiteFideId "1166042"]
[WhiteEloChange "4"]
[BlackElo "2497"]
[BlackTitle "GM"]
[BlackCountry "POL"]
[BlackFideId "1112848"]
[BlackEloChange "-2"]

1. e4 {[%clk 1:30:57]} e5 {[%clk 1:30:45]} 2. Nf3 {[%clk 1:31:22]} Nc6 {[%clk
1:31:08]} 3. Bc4 {[%clk 1:31:47]} Nf6 {[%clk 1:31:29]} 4. d3 {[%clk 1:31:42]} h6
{[%clk 1:31:40]} 5. O-O {[%clk 1:29:49]} d6 {[%clk 1:31:58]} 6. Re1 {[%clk
1:23:58]} g5 {[%clk 1:31:36]} 7. c3 {[%clk 1:16:25]} Bg7 {[%clk 1:31:30]} 8. b4
{[%clk 1:10:42]} Bd7 {[%clk 1:21:59]} 9. a4 {[%clk 1:03:44]} g4 {[%clk 1:17:27]}
10. Nfd2 {[%clk 1:03:59]} h5 {[%clk 1:15:15]} 11. Nf1 {[%clk 1:01:30]} h4 {[%clk
1:12:38]} 12. Ne3 {[%clk 0:59:51]} Qc8 {[%clk 1:01:21]} 13. Nd2 {[%clk 0:53:19]}
Bh6 {[%clk 0:56:42]} 14. Ndf1 {[%clk 0:50:52]} Ne7 {[%clk 0:55:11]} 15. f3 {[%clk
0:37:18]} g3 {[%clk 0:50:53]} 16. hxg3 {[%clk 0:37:10]} hxg3 {[%clk 0:51:05]} 17.
Nxg3 {[%clk 0:37:15]} Rg8 {[%clk 0:47:59]} 18. Kf2 {[%clk 0:33:18]} Bg5 {[%clk
0:45:08]} 19. Rh1 {[%clk 0:33:33]} Be6 {[%clk 0:45:36]} 20. Qb3 {[%clk 0:25:30]}
Bxe3+ {[%clk 0:39:30]} 21. Bxe3 {[%clk 0:25:57]} d5 {[%clk 0:39:57]} 22. exd5
{[%clk 0:25:54]} Nexd5 {[%clk 0:40:22]} 23. Ne4 {[%clk 0:23:32]} Nxe4+ {[%clk
0:39:35]} 24. dxe4 {[%clk 0:21:37]} Nxe3 {[%clk 0:29:31]} 25. Bxe6 {[%clk
0:21:50]} Qd8 {[%clk 0:29:58]} 26. Bxf7+ {[%clk 0:18:34]} Kf8 {[%clk 0:30:25]}
27. Kxe3 {[%clk 0:11:26]} Qg5+ {[%clk 0:30:45]} 28. Kd3 {[%clk 0:11:44]} Rd8+
{[%clk 0:31:11]} 29. Bd5 {[%clk 0:12:11]} c6 {[%clk 0:31:37]} 30. Qc4 {[%clk
0:11:10]} Qxg2 {[%clk 0:30:46]} 31. Qc5+ {[%clk 0:10:38]} Ke8 {[%clk 0:30:51]}
32. Rh7 {[%clk 0:10:11]} Rxd5+ {[%clk 0:30:22]} 33. exd5 {[%clk 0:10:09]} Qxf3+
{[%clk 0:30:43]} 34. Kc2 {[%clk 0:09:22]} Qe4+ {[%clk 0:30:08]} 35. Kb3 {[%clk
0:09:49]} Qxh7 {[%clk 0:30:34]} 36. dxc6 {[%clk 0:08:30]} bxc6 {[%clk 0:29:49]}
37. Qxe5+ {[%clk 0:07:25]} Kd7 {[%clk 0:30:10]} 38. Rd1+ {[%clk 0:06:59]} Kc8
{[%clk 0:30:34]} 39. Qe6+ {[%clk 0:07:20]} Kc7 {[%clk 0:30:59]} 40. Qd6+ {[%clk
0:30:42]} Kb7 {[%clk 1:00:55]} 41. Qd7+ {[%clk 0:30:14]} Qxd7 {[%clk 1:00:17]}
42. Rxd7+ {[%clk 0:27:13]} Kb8 {[%clk 0:54:46]} 43. Kc4 {[%clk 0:14:24]} Rg5
{[%clk 0:52:27]} 44. a5 {[%clk 0:12:04]} a6 {[%clk 0:52:37]} 45. Kd4 {[%clk
0:12:31]} Rh5 {[%clk 0:49:34]} 46. Re7 {[%clk 0:07:40]} Rg5 {[%clk 0:49:03]} 47.
Re5 {[%clk 0:07:28]} Rg7 {[%clk 0:49:20]} 48. Re8+ {[%clk 0:05:14]} Kc7 {[%clk
0:49:05]} 49. Ra8 {[%clk 0:05:40]} Kb7 {[%clk 0:49:28]} 50. Re8 {[%clk 0:06:08]}
Kc7 {[%clk 0:49:45]} 51. c4 {[%clk 0:05:28]} Rh7 {[%clk 0:49:40]} 52. Re4 {[%clk
0:05:30]} Rg7 {[%clk 0:48:10]} 53. Rf4 {[%clk 0:05:56]} Re7 {[%clk 0:48:00]} 54.
Rf5 {[%clk 0:06:22]} Rh7 {[%clk 0:48:12]} 55. Ke4 {[%clk 0:02:42]} Re7+ {[%clk
0:47:30]} 56. Re5 {[%clk 0:03:08]} Rh7 {[%clk 0:47:56]} 57. Kd4 {[%clk 0:03:09]}
1/2-1/2

[Event "Irena Warakomska Memorial A"]
[Site "Suwalki"]
[Date "2021.08.02"]
[Round "8"]
[White "Lewtak, Damian"]
[Black "Kosakowski, Jakub"]
[Result "1/2-1/2"]
[Board "8"]
[WhiteElo "2380"]
[WhiteTitle "IM"]
[WhiteCountry "POL"]
[WhiteFideId "1141724"]
[WhiteEloChange "1"]
[BlackElo "2417"]
[BlackTitle "IM"]
[BlackCountry "POL"]
[BlackFideId "1185080"]
[BlackEloChange "-1"]

1. e4 {[%clk 1:28:15]} c5 {[%clk 1:29:46]} 2. Na3 {[%clk 1:28:40]} Nc6 {[%clk
1:27:18]} 3. Bb5 {[%clk 1:27:57]} g6 {[%clk 1:24:25]} 4. Bxc6 {[%clk 1:28:08]}
bxc6 {[%clk 1:24:47]} 5. f4 {[%clk 1:25:10]} Bg7 {[%clk 1:24:16]} 6. Nf3 {[%clk
1:25:04]} d6 {[%clk 1:23:37]} 7. O-O {[%clk 1:24:09]} Nh6 {[%clk 1:20:59]} 8. d3
{[%clk 1:23:12]} O-O {[%clk 1:02:28]} 9. Qe1 {[%clk 1:21:40]} f6 {[%clk 0:58:25]}
10. Nc4 {[%clk 1:18:18]} Nf7 {[%clk 0:57:50]} 11. Be3 {[%clk 1:16:06]} Rb8 {[%clk
0:53:13]} 12. Rb1 {[%clk 1:15:22]} e5 {[%clk 0:33:35]} 13. fxe5 {[%clk 1:10:14]}
Nxe5 {[%clk 0:33:25]} 14. Nfxe5 {[%clk 1:08:26]} fxe5 {[%clk 0:33:48]} 15. Rxf8+
{[%clk 1:07:59]} Bxf8 {[%clk 0:34:10]} 16. a3 {[%clk 1:05:59]} Qc7 {[%clk
0:32:14]} 17. Bd2 {[%clk 1:02:20]} Be6 {[%clk 0:31:51]} 18. b4 {[%clk 1:00:59]}
cxb4 {[%clk 0:32:04]} 19. axb4 {[%clk 1:01:21]} a6 {[%clk 0:28:54]} 20. Ra1
{[%clk 0:56:24]} c5 {[%clk 0:28:34]} 21. Ne3 {[%clk 0:40:54]} cxb4 {[%clk
0:26:04]} 22. Rxa6 {[%clk 0:40:21]} b3 {[%clk 0:24:08]} 23. cxb3 {[%clk 0:37:20]}
Rxb3 {[%clk 0:24:15]} 24. Qf1 {[%clk 0:37:36]} Qb7 {[%clk 0:24:25]} 25. Ra1
{[%clk 0:37:53]} Be7 {[%clk 0:24:10]} 26. h3 {[%clk 0:35:31]} Kg7 {[%clk
0:19:54]} 27. Qf3 {[%clk 0:29:40]} Rb1+ {[%clk 0:06:50]} 28. Rxb1 {[%clk
0:30:05]} Qxb1+ {[%clk 0:07:14]} 29. Kh2 {[%clk 0:29:56]} Qb2 {[%clk 0:07:09]}
30. Be1 {[%clk 0:25:55]} Bg5 {[%clk 0:07:18]} 31. Bf2 {[%clk 0:23:43]} h5 {[%clk
0:07:21]} 32. h4 {[%clk 0:21:08]} Bf4+ {[%clk 0:04:13]} 33. Bg3 {[%clk 0:21:29]}
Bh6 {[%clk 0:04:29]} 34. Nd5 {[%clk 0:21:30]} Bxd5 {[%clk 0:03:49]} 35. exd5
{[%clk 0:21:54]} Qb4 {[%clk 0:02:50]} 36. Qe4 {[%clk 0:21:36]} Qd2 {[%clk
0:01:43]} 37. Qc4 {[%clk 0:19:39]} Qc1 {[%clk 0:00:50]} 38. Qc6 {[%clk 0:19:01]}
Bf4 {[%clk 0:00:43]} 39. Qxd6 {[%clk 0:18:25]} Bxg3+ {[%clk 0:01:03]} 40. Kxg3
{[%clk 0:48:51]} Qf4+ {[%clk 0:31:16]} 41. Kh3 {[%clk 0:49:14]} Qg4+ {[%clk
0:31:42]} 42. Kh2 {[%clk 0:49:39]} Qxh4+ {[%clk 0:32:09]} 43. Kg1 {[%clk
0:50:06]} Qe1+ {[%clk 0:32:03]} 1/2-1/2

[Event "Irena Warakomska Memorial A"]
[Site "Suwalki"]
[Date "2021.08.02"]
[Round "8"]
[White "Hnydiuk, Aleksander"]
[Black "Klimkowski, Jan"]
[Result "1/2-1/2"]
[Board "9"]
[WhiteElo "2407"]
[WhiteTitle "IM"]
[WhiteCountry "POL"]
[WhiteFideId "1109057"]
[WhiteEloChange "-1"]
[BlackElo "2322"]
[BlackTitle "FM"]
[BlackCountry "POL"]
[BlackFideId "21856222"]
[BlackEloChange "2"]

1. Nf3 {[%clk 1:27:24]} Nf6 {[%clk 1:30:51]} 2. c4 {[%clk 1:27:46]} e6 {[%clk
1:31:16]} 3. g3 {[%clk 1:28:08]} a6 {[%clk 1:31:42]} 4. Bg2 {[%clk 1:28:22]} b5
{[%clk 1:32:05]} 5. b3 {[%clk 1:28:49]} Bb7 {[%clk 1:32:28]} 6. Nc3 {[%clk
1:29:08]} b4 {[%clk 1:32:52]} 7. Na4 {[%clk 1:29:35]} d6 {[%clk 1:33:17]} 8. d4
{[%clk 1:28:32]} Nbd7 {[%clk 1:33:30]} 9. O-O {[%clk 1:24:38]} Be7 {[%clk
1:33:53]} 10. a3 {[%clk 1:22:41]} a5 {[%clk 1:34:15]} 11. axb4 {[%clk 1:18:37]}
axb4 {[%clk 1:34:36]} 12. Bb2 {[%clk 1:18:36]} O-O {[%clk 1:33:07]} 13. Qd2
{[%clk 1:18:50]} c5 {[%clk 1:33:33]} 14. dxc5 {[%clk 1:19:10]} dxc5 {[%clk
1:33:57]} 15. Rfd1 {[%clk 1:19:28]} Qc8 {[%clk 1:29:57]} 16. Qf4 {[%clk 1:14:06]}
Bc6 {[%clk 1:18:27]} 17. Ne5 {[%clk 1:13:07]} Nxe5 {[%clk 1:15:25]} 18. Bxe5
{[%clk 1:13:22]} Bxg2 {[%clk 1:10:17]} 19. Kxg2 {[%clk 1:13:30]} Qc6+ {[%clk
1:09:51]} 20. Qf3 {[%clk 1:12:52]} Ne4 {[%clk 1:04:21]} 21. Rd3 {[%clk 1:08:25]}
f6 {[%clk 1:00:13]} 22. Bb2 {[%clk 1:07:17]} f5 {[%clk 0:50:30]} 23. Rad1 {[%clk
1:07:01]} Rad8 {[%clk 0:37:56]} 24. Kg1 {[%clk 1:04:01]} h6 {[%clk 0:36:52]} 25.
Be5 {[%clk 0:55:45]} Kh7 {[%clk 0:36:10]} 26. Rxd8 {[%clk 0:33:49]} Rxd8 {[%clk
0:35:53]} 27. Rxd8 {[%clk 0:34:07]} Bxd8 {[%clk 0:35:59]} 28. Qd3 {[%clk
0:32:15]} Bf6 {[%clk 0:32:07]} 29. Bxf6 {[%clk 0:31:18]} Nxf6 {[%clk 0:31:49]}
1/2-1/2